Nivel de conocimiento sobre interacciones farmacológicas en estudiantes de enfermería en una universidad de Cartagena 2024 / (Registro nro. 29532)

Detalles MARC
000 -LEADER
fixed length control field 01925nam a2200313 4500
001 - CONTROL NUMBER
control field 0000100124
005 - DATE AND TIME OF LATEST TRANSACTION
control field 20250405174608.0
008 - FIXED-LENGTH DATA ELEMENTS--GENERAL INFORMATION
fixed length control field 190730s2025 000 0 eng d
040 ## - CATALOGING SOURCE
Original cataloging agency CO-CtgCURN
Language of cataloging spa
Transcribing agency coctgcurn
041 0# - LANGUAGE CODE
Language code of text/sound track or separate title spa
082 0# - DEWEY DECIMAL CLASSIFICATION NUMBER
Classification number ENF2022
Item number C764
100 1# - MAIN ENTRY--PERSONAL NAME
Personal name Contrera Guerrero, Eyleen Briyith.
245 10 - TITLE STATEMENT
Title Nivel de conocimiento sobre interacciones farmacológicas en estudiantes de enfermería en una universidad de Cartagena 2024 /
Statement of responsibility, etc. Eyleen Briyith Contrera Guerrero; Karen Mercado Armesto; Sindy Mercado Fuentes; Nayivis Perez Mendoza; director Kendy Madero Zambrano.
260 ## - PUBLICATION, DISTRIBUTION, ETC.
Place of publication, distribution, etc. Cartagena de Indias :
Name of publisher, distributor, etc. Corporación Universitaria Rafael Núñez,
Date of publication, distribution, etc. 2025.
300 ## - PHYSICAL DESCRIPTION
Extent 144 hojas.
336 ## - CONTENT TYPE
Source rdacontent
Content type term text
Content type code txt
337 ## - MEDIA TYPE
Source rdacarrier
Media type term sin mediacion
Media type code n
338 ## - CARRIER TYPE
Source rdacarrier
Carrier type term volumen
Carrier type code nc
502 ## - DISSERTATION NOTE
Dissertation note Trabajo de grado (Enfermeria). Corporacion Universitaria Rafael Nuñez. Facultad de Ciencias de la salud. Enfermeria, 2024.
520 ## - SUMMARY, ETC.
Summary, etc. "El estudio analizó el nivel de conocimiento sobre interacciones farmacológicas en estudiantes de enfermería de la Universidad Rafael Núñez. Se enfocó en caracterizar los aspectos sociodemográficos de los participantes y evaluar su comprensión sobre interacciones fármaco-paciente, fármaco-fármaco y fármaco-alimentos, además de correlacionar estos conocimientos con factores como edad, género y nivel académico"
650 #0 - SUBJECT ADDED ENTRY--TOPICAL TERM
Topical term or geographic name entry element Enfermeria
Form subdivision Tesis y disertaciones academicas.
700 1# - ADDED ENTRY--PERSONAL NAME
Personal name Mercado Armesto, Karen.
700 1# - ADDED ENTRY--PERSONAL NAME
Personal name Mercado Fuentes, Sindy.
700 1# - ADDED ENTRY--PERSONAL NAME
Personal name Perez Mendoza, Nayivis.
700 1# - ADDED ENTRY--PERSONAL NAME
Personal name Madero Zambrano, Kendy,
Relator term directora.
856 ## - ELECTRONIC LOCATION AND ACCESS
Uniform Resource Identifier <a href="https://unicurn.sharepoint.com/:b:/s/biblioteca/EfrbSNNAjHhDlm_Qt7zVcfsBAHiWw55Ylj_tCvxnKqSz3g?e=bETQZB">https://unicurn.sharepoint.com/:b:/s/biblioteca/EfrbSNNAjHhDlm_Qt7zVcfsBAHiWw55Ylj_tCvxnKqSz3g?e=bETQZB</a>
Public note Click para ver el recurso en texto completo
942 ## - ADDED ENTRY ELEMENTS (KOHA)
Koha item type Trabajos de grado
Classification part ENF 2024
Item part C764
Existencias
Withdrawn status Lost status Damaged status Not for loan Collection Home library Current library Shelving location Date acquired Cost, normal purchase price Inventory number Total checkouts Full call number Barcode Date last seen Price effective from Koha item type
        Trabajos de grado Miguel Henríquez Emiliani Miguel Henríquez Emiliani Trabajo de grado 04/05/2025 35000.00 025468   ENF 2024 C764 025468 04/05/2025 04/05/2025 Trabajos de grado